Connecting Old And New Spaces And Cultures: Evolving Landscape Stragies For A Riverine Urbanscape Of Chinchwadgaon And Pavana River (Record no. 364631)

MARC details
000 -LEADER
fixed length control field 00443nam a2200121Ia 4500
008 - FIXED-LENGTH DATA ELEMENTS--GENERAL INFORMATION
fixed length control field 250110s9999 xx 000 0 und d
041 ## - LANGUAGE CODE
Language code of text/sound track or separate title eng
100 ## - MAIN ENTRY--PERSONAL NAME
Personal name Hatti Aishwarya
245 ## - TITLE STATEMENT
Title Connecting Old And New Spaces And Cultures: Evolving Landscape Stragies For A Riverine Urbanscape Of Chinchwadgaon And Pavana River
260 ## - PUBLICATION, DISTRIBUTION, ETC. (IMPRINT)
Name of publisher, distributor, etc. BNCA M Arch Landscape Architecture
Date of publication, distribution, etc. 1905
300 ## - PHYSICAL DESCRIPTION
Extent 47p
700 ## - ADDED ENTRY--PERSONAL NAME
Personal name Guide Name:Sahasrtabuddhe Swati
9 (RLIN) 210979
Holdings
Withdrawn status Lost status Damaged status Not for loan Home library Current library Date acquired Total Checkouts Barcode Date last seen Bill Date Koha item type Original Barcode
        Dr. Bhanuben Nanavati College of Architecture Dr. Bhanuben Nanavati College of Architecture 22/02/2023   BNCA-PR-2131 10/01/2025 10/01/2025 Project Reports PR2131